Guess the Gracie Abrams song with no hints #6 - Statistics

General Stats
  • This quiz has been taken 223 times
  • The average score is 172 of 300
Answer Stats
Lyrics % Correct
I
98%
Mm,
96%
(Mm)
96%
you
96%
You
96%
you,
96%
a
95%
A
95%
The
88%
the
88%
love
87%
to
87%
And
81%
and
81%
We
80%
your
80%
me
79%
me,
79%
it
78%
so
78%
then
78%
(Then
78%
when
78%
do
75%
I'm
73%
that
73%
know
72%
no
70%
in
68%
of
64%
on
64%
my
63%
for
61%
But
57%
could
56%
just
54%
Don't
51%
I'll
50%
it's
50%
up
50%
never
49%
Now
49%
all
47%
that's
47%
That's
47%
every
46%
right
46%
out
45%
get
44%
I'd
44%
close
43%
Got
43%
got
43%
here
42%
With
42%
with
42%
hope
39%
Hope
39%
much
39%
everything
38%
good
38%
wasn't
38%
leave
37%
ask
36%
happened
36%
happened)
36%
looking
36%
packing
36%
break
34%
cold
34%
once
34%
swear
34%
damn
33%
side
33%
stay
33%
back
32%
pillow,
32%
'Cause
31%
come
31%
cool
30%
home
30%
something,
27%
peppermint
26%
tea,
26%
hold
25%
dark
24%
real
24%
door
23%
drive
23%
die
22%
humor
22%
miles,
22%
sense
22%
spring
22%
traffic
22%
wind
21%
face,
20%
family
20%
forever
20%
sudden
20%
through
20%
someone
19%
stop
19%
talking
19%
together,
19%
complete
18%
happily
18%
morning,
18%
new
18%
push
18%
summer
18%
red
17%
buttons
16%
move,
16%
none
16%
kinda
15%
maybe
15%
shy
14%
fit
13%
Sunsets
13%
game,
12%
perfectly
12%
replace
12%
No matching quizzes found
Score Distribution
Percent of People with Each Score
Percentile by Number Answered
Your Score History
You have not taken this quiz